000 00424nam a2200145Ia 4500
008 100204s9999 xx 000 0 und d
082 _b7146
100 _aजोशी सुशीला
245 _aअसंभव
260 _b"बांदोडकर पब्लिशिंग हाऊस, गोवा"
_c1982
300 _a207
630 _aअसंभव
730 _aअसंभव
942 _cBOOK
999 _c451583
_d451580